南京古城城门地图 Map of the gates of Nanjing Ancient City - Statistics

General Stats
  • This quiz has been taken 49 times
  • The average score is 21 of 30
Answers on the Map
Answers color-coded by a green-red scale on the quiz's map according to % correct below.
 
Answer Stats
首开时代 城门 % Correct
明清 中华门
100%
明清 玄武门
90%
明清 神策门
83%
民国 汉中门
83%
明清 通济门
79%
明清 三山门
79%
明清 太平门
79%
明清 中山门
79%
明清 清凉门
76%
明清 草场门
76%
明清 定淮门
76%
民国 武定门
76%
民国 雨花门
76%
新中国 集庆门
76%
新中国 解放门
76%
明清 光华门
72%
民国 中央门
72%
民国 挹江门
69%
明清 金川门
66%
民国 中华东门
66%
民国 中华西门
66%
明清 汉西门
62%
明清 仪凤门
62%
明清 钟阜门
62%
新中国 标营门
59%
新中国 蓝旗街通道
48%
民国 新民门
45%
新中国 华严岗门
41%
新中国 光华东门
38%
新中国 长干门
31%
No matching quizzes found
Score Distribution
Percent of People with Each Score
Percentile by Number Answered
Your Score History
You have not taken this quiz